Gray's anatomy : (Record no. 8194)
[ view plain ]
| 000 -LEADER | |
|---|---|
| fixed length control field | 01371cam a22003137i 4500 |
| 020 ## - INTERNATIONAL STANDARD BOOK NUMBER | |
| International Standard Book Number | 9780702052309 (main edition) |
| 020 ## - INTERNATIONAL STANDARD BOOK NUMBER | |
| International Standard Book Number | 9780702063060 (international edition paperback) |
| 020 ## - INTERNATIONAL STANDARD BOOK NUMBER | |
| Canceled/invalid ISBN | 9780702068515 (PDF, EPUB) |
| 020 ## - INTERNATIONAL STANDARD BOOK NUMBER | |
| Canceled/invalid ISBN | 9780702068522 (Inkling interactive ebook) |
| 035 ## - SYSTEM CONTROL NUMBER | |
| System control number | (DNLM)101667594 |
| 042 ## - AUTHENTICATION CODE | |
| Authentication code | pcc |
| 060 10 - NATIONAL LIBRARY OF MEDICINE CALL NUMBER | |
| Classification number | 611 |
| 082 00 - DEWEY DECIMAL CLASSIFICATION NUMBER | |
| Classification number | 611 |
| Author Mark | GRA |
| 100 ## - MAIN ENTRY--PERSONAL NAME | |
| Author Name | EDITOR IN CHIFE SUSAN STANDRING |
| 245 00 - TITLE STATEMENT | |
| Title | Gray's anatomy : |
| Subtitle | the anatomical basis of clinical practice / |
| 250 ## - EDITION STATEMENT | |
| Edition statement | Forty-first edition. |
| 264 #1 - PRODUCTION, PUBLICATION, DISTRIBUTION, MANUFACTURE, AND COPYRIGHT NOTICE | |
| Place of production, publication, distribution, manufacture | New York : |
| Name of producer, publisher, distributor, manufacturer | Elsevier Limited, |
| Date of production, publication, distribution, manufacture, or copyright notice | 2016. |
| 300 ## - PHYSICAL DESCRIPTION | |
| No of Pages | xviii, 1562 pages : |
| illustrations | illustrations (some color) ; |
| Dimensions | 31 cm |
| 336 ## - CONTENT TYPE | |
| Content type term | text |
| Source | rdacontent |
| 337 ## - MEDIA TYPE | |
| Media type term | unmediated |
| Source | rdamedia |
| 338 ## - CARRIER TYPE | |
| Carrier type term | volume |
| Source | rdacarrier |
| 504 ## - BIBLIOGRAPHY, ETC. NOTE | |
| Bibliography, Index, etc. note | Includes bibliographical references and index. |
| 650 12 - SUBJECT ADDED ENTRY--TOPICAL TERM | |
| Subject | Anatomy. |
| 776 08 - ADDITIONAL PHYSICAL FORM ENTRY | |
| Relationship information | Online version: |
| Title | Gray's anatomy |
| Edition | Forty-first edition. |
| Place, publisher, and date of publication | New York : Elsevier Limited, 2016 |
| International Standard Book Number | 9780702068515 |
| Record control number | (DLC) 2015035346 |
| 906 ## - LOCAL DATA ELEMENT F, LDF (RLIN) | |
| a | 7 |
| b | cbc |
| c | orignew |
| d | 1 |
| e | ecip |
| f | 20 |
| g | y-gencatlg |
| 942 ## - ADDED ENTRY ELEMENTS (KOHA) | |
| Source of classification or shelving scheme | |
| Koha item type | Books |
| 952 ## - LOCATION AND ITEM INFORMATION (KOHA) | |
| -- | 2018-03-16 |
| 952 ## - LOCATION AND ITEM INFORMATION (KOHA) | |
| -- | 2018-03-16 |
| 952 ## - LOCATION AND ITEM INFORMATION (KOHA) | |
| -- | 2018-03-16 |
| 952 ## - LOCATION AND ITEM INFORMATION (KOHA) | |
| -- | 2018-03-16 |
| Item status | Home library | Current library | Shelving location | Date acquired | Total Checkouts | Full call number | Barcode | Date last seen | Date last checked out | Koha item type | Checked out |
|---|---|---|---|---|---|---|---|---|---|---|---|
| Islamabad Medical and Dental College | Islamabad Medical and Dental College | Islamabad Medical and Dental College | 16/03/2018 | 1 | 611 GRA | 9979 | 15/09/2025 | 04/08/2025 | Books | ||
| Islamabad Medical and Dental College | Islamabad Medical and Dental College | Islamabad Medical and Dental College | 16/03/2018 | 1 | 611 GRA | 9980 | 03/05/2018 | 03/05/2018 | Books | 17/05/2018 | |
| Islamabad Medical and Dental College | Islamabad Medical and Dental College | Islamabad Medical and Dental College | 16/03/2018 | 1 | 611 GRA | 9981 | 22/01/2024 | 19/01/2024 | Books | ||
| Islamabad Medical and Dental College | Islamabad Medical and Dental College | Islamabad Medical and Dental College | 16/03/2018 | 611 GRA | 9982 | 16/03/2018 | Books |
